| 000 -LEADER |
| fixed length control field |
00762cam a2200241 a 4500 |
| 001 - CONTROL NUMBER |
| control field |
14187118 |
| 005 - DATE AND TIME OF LATEST TRANSACTION |
| control field |
20180215034946.0 |
| 008 - FIXED-LENGTH DATA ELEMENTS--GENERAL INFORMATION |
| fixed length control field |
051202s2006 inu d 000 0 eng |
| 010 ## - LIBRARY OF CONGRESS CONTROL NUMBER |
| LC control number |
2005938171 |
| 020 ## - INTERNATIONAL STANDARD BOOK NUMBER |
| International Standard Book Number |
9780471748366 (pbk. : alk. paper) |
| 020 ## - INTERNATIONAL STANDARD BOOK NUMBER |
| International Standard Book Number |
0471748366 (pbk. : alk. paper) |
| 040 ## - CATALOGING SOURCE |
| Original cataloging agency |
DLC |
| Transcribing agency |
DLC |
| Modifying agency |
DLC |
| 041 0# - LANGUAGE CODE |
| Language code of text/sound track or separate title |
eng |
| -- |
spa |
| 080 ## - UNIVERSAL DECIMAL CLASSIFICATION NUMBER |
| Universal Decimal Classification number |
463..21 har |
| 082 00 - DEWEY DECIMAL CLASSIFICATION NUMBER |
| Classification number |
463..21 har |
| Edition number |
22 |
| 100 ## - Rafti |
| Rafti |
23 |
| 101 ## - Shkurtesa |
| Shkurtesa |
gju |
| 245 00 - TITLE STATEMENT |
| Title |
Webster's New World concise Spanish dictionary / |
| Statement of responsibility, etc |
[Chambers Harrap, Ltd.]. |
| 246 18 - VARYING FORM OF TITLE |
| Title proper/short title |
Concise Spanish dictionary |
| 906 ## - LOCAL DATA ELEMENT F, LDF (RLIN) |
| a |
7 |
| b |
cbc |
| c |
orignew |
| d |
2 |
| e |
epcn |
| f |
20 |
| g |
y-gencatlg |
| 942 ## - ADDED ENTRY ELEMENTS (KOHA) |
| Source of classification or shelving scheme |
|
| Item type |
Books |